| 000 | 01141cam a2200313 4500 | ||
|---|---|---|---|
| 999 |
_c328979 _d328979 |
||
| 001 | 747057 | ||
| 003 | Nust | ||
| 005 | 20170420122619.0 | ||
| 008 | 960528s1940 nyuc 000 0 eng | ||
| 010 | _a 40027535 | ||
| 020 | _a9788171679515 | ||
| 040 |
_aDLC _cDLC _dDLC |
||
| 050 | 0 | 0 |
_aJC177 _b.A5 1940a |
| 051 | _cCopy 2. | ||
| 051 |
_aJC177 _b.A5 1940a Copy 3 _cCopy 3. |
||
| 082 |
_a813 _bPAI |
||
| 100 | 1 |
_aPaine, Thomas, _d1737-1809. |
|
| 245 | 1 | 4 |
_aThe living thoughts of Tom Paine; _cpresented by John Dos Passos ... |
| 260 |
_aNew York, _aToronto, _bLongmans, Green and co., _c1940. |
||
| 300 |
_a3 p.l., 215 p. _bfront. (port.) _c19 cm. |
||
| 440 | 4 |
_aThe living thoughts library, _v12 |
|
| 500 | _aIllustrated lining-papers. | ||
| 500 | _a"First edition." | ||
| 650 | 0 | _aPolitical science. | |
| 700 | 1 |
_aDos Passos, John, _d1896-1970. |
|
| 710 | 2 |
_aJohn Davis Batchelder Collection (Library of Congress) _5DLC |
|
| 906 |
_a7 _bcbc _corignew _du _eocip _f19 _gy-gencatlg |
||
| 942 |
_2ddc _cBK |
||